Čarničiari fascinovali nemecké publikum

Bibliographic Details
Format: Article
Language:Slovak
PhysicalDescription:Fotogr.
ISSN:1335-4566
Subjects:

MARC

LEADER 00000nab a2200000 a 4500
001 vtls009630890
003 SK-MaSNL
005 20260305014711.0
008 171108c20090724xo drz 0 0slo
038 |a KEVKJB 
040 |a KEVKJB  |b slo  |c KEVKJB  |e AACR2 
041 0 |a slo 
044 |a xo  |c SK 
080 |a 793.3:398  |2 2001 
245 0 0 |a Čarničiari fascinovali nemecké publikum  |c [autor] (nit) 
300 |b Fotogr. 
610 2 7 |a Čarnica (folklórny súbor)  |2 SNKKA  |9 33091 
650 0 7 |a folklórne súbory  |2 SNKPH  |9 28685 
651 7 |a Košice (Slovensko)  |2 SNKPHgeo  |9 18694 
773 0 |t Košický Korzár  |g Roč. XII, č. 170 (24.7.2009), s. 4  |x 1335-4566 
852 |a KEVKJB  |b KIS3GCP 
999 |c 3270970  |d 3272900